Daño, reparación y mutación del material genético
Gorde:
| Egile nagusia: | |
|---|---|
| Formatua: | Liburua |
| Hizkuntza: | gaztelania |
| Argitaratua: |
Santiago
Mediterráneo
2000
|
| Edizioa: | 1a. ed |
| Saila: | Serie Científica Básica, 11
|
| Gaiak: | |
| Etiketak: |
Etiketa erantsi
Etiketarik gabe, Izan zaitez lehena erregistro honi etiketa jartzen!
|
MARC
| LEADER | 00000nam a2200000 a 4500 | ||
|---|---|---|---|
| 001 | UCH3585 | ||
| 003 | CL-VaPUC | ||
| 008 | 090811e20000000CL |||||||||||||||||spa|d | ||
| 020 | |a 9562201813 | ||
| 082 | 0 | 4 | |a 611.01816 |b PIN |2 21 |
| 100 | 0 | |a Pincheira V., Juana |e author |9 538987 | |
| 245 | 1 | 0 | |a Daño, reparación y mutación del material genético |
| 250 | |a 1a. ed | ||
| 300 | |a 93 p | ||
| 942 | |c BK | ||
| 945 | |d 20090811 00:00:00 |a cmena | ||
| 260 | |a Santiago |b Mediterráneo |c 2000 | ||
| 650 | 0 | |a Genética médica |9 269840 | |
| 650 | 0 | |a Ácido desoxirribonucleico (ADN) |9 361158 | |
| 650 | 7 | |a MUTACION GENETICA |2 CL-VaPUC |9 538989 | |
| 650 | 0 | |a Prevención de enfermedades |9 393975 | |
| 583 | |a last modification |c 20090811 00:00:00 |k Rodrigo Vera | ||
| 490 | 0 | |a Serie Científica Básica, 11 | |
| 999 | |c 335067 |d 335065 | ||
| 952 | |0 0 |1 0 |4 0 |6 611_018160000000000_PIN_2000 |7 0 |8 A |9 424637 |a BIBCUR |b BIBCUR |d 2019-11-22 |i 1088459 |o 611.01816 PIN 2000 |p 1088459 |r 2025-04-22 |w 2019-11-22 |y BK |k KIN | ||